Swargadapi/ (Record no. 11364)

MARC details
000 -LEADER
fixed length control field 00470nam a22001817a 4500
005 - DATE AND TIME OF LATEST TRANSACTION
control field 20220907125816.0
008 - FIXED-LENGTH DATA ELEMENTS--GENERAL INFORMATION
fixed length control field 220907b ||||| |||| 00| 0 eng d
040 ## - CATALOGING SOURCE
Original cataloging agency IN-DiNC
Transcribing agency IN-DiNC
041 ## - LANGUAGE CODE
Language code of sung or spoken text Assamese
082 ## - DEWEY DECIMAL CLASSIFICATION NUMBER
Classification number 891.4513
Item number BOR
100 ## - MAIN ENTRY--PERSONAL NAME
Personal name Bora, Dhrubajyoti
Relator term Author
245 ## - TITLE STATEMENT
Title Swargadapi/
Statement of responsibility, etc. by Dhrubajyoti Bora
250 ## - EDITION STATEMENT
Edition statement 1st ed.
260 ## - PUBLICATION, DISTRIBUTION, ETC.
Place of publication, distribution, etc. Guwahati:
Name of publisher, distributor, etc. Publication board Assam,
Date of publication, distribution, etc. 2014
300 ## - PHYSICAL DESCRIPTION
Extent 203p.
650 ## - SUBJECT ADDED ENTRY--TOPICAL TERM
Topical term or geographic name entry element Assamese novel
942 ## - ADDED ENTRY ELEMENTS (KOHA)
Source of classification or shelving scheme Dewey Decimal Classification
Koha item type Books
Holdings
Withdrawn status Lost status Source of classification or shelving scheme Damaged status Not for loan Collection code Home library Current library Shelving location Date acquired Cost, normal purchase price Total Checkouts Full call number Barcode Date last seen Copy number Price effective from Koha item type
    Dewey Decimal Classification     Assamese Naharkatiya College Library Naharkatiya College Library General Stacks 07/09/2022 130.00   891.4513 BOR 26035 07/09/2022 1 07/09/2022 Books

Naharkatiya College © 2020. All rights reserved.

Powered By